000 00259pam a2200121 a 4500
020 _c
041 _aeng
100 _aSmith Deersaft.
245 _aWords & Idions
_hTextual Documents
260 _aPune
_bUniversity Of Pune
300 _a299p.
930 _a15283
999 _c92183
_d92183